El tratado internacional sobre los recursos fitogenéticos para la alimentación y la agricultura : (Registro nro. 3501)

Detalles MARC
000 -CABECERA
Campo de control 00886nam a2200217 a 4500
005 - FECHA Y HORA DE LA ULTIMA TRANSACCION
Campo de control 20200104041540.0
008 - ELEMENTOS DE LONGITUD FIJA—INFORMACION GENERAL
Campo de control 140311t2002 it ao fr|||| 000 0 spa d
040 ## - FUENTE DE CATALOGACIÓN
Agencia catalogadora original CO-BoIAVH
Agencia transcriptora CO-BoIAVH
041 0# - IDIOMA
Código de idioma para texto/pista de sonido o título separado Español
044 ## - PAÍS DE PUBLICACIÓN
País de publicación Italia
082 04 - NUMERO DE CLASIFICACION DECIMAL DEWEY
Número de clasificación 333.9534
Número del ítem O68t
110 2# - ASIENTO PRINCIPAL--NOMBRE CORPORATIVO
Nombre corporativo o de jurisdicción como elemento de entrada Italia
Unidad subordinad Organización de las Naciones Unidas para la Agricultura y la Alimentación
9 (RLIN) 62082
245 13 - MENCION DE TITULO
Título El tratado internacional sobre los recursos fitogenéticos para la alimentación y la agricultura :
Parte restante del título adoptado por el 31° período de sesiones de la conferencia de la FAO
260 ## - PUBLICACION, DISTRIBUCION, ETC. (PIE DE IMPRENTA)
Lugar de publicación, distribución, etc. Roma :
Nombre del editor, distribuidor, etc. FAO ,
Fecha de publicación, distribución, etc. 2001.
300 ## - DESCRIPCION FISICA
Extensión 27 páginas :
Otros detalles físicos Ilustraciones (algunas a color), fotografías (algunas a color) ;
Dimensiones 30 x 21 cm.
Material acompañante Contiene un folleto.
650 16 - ASIENTO SECUNDARIO DE MATERIA - TERMINO TEMATICO
Término temático o nombre geográfico como elemento de entrada Recursos fitogenéticos
9 (RLIN) 62083
650 26 - ASIENTO SECUNDARIO DE MATERIA - TERMINO TEMATICO
Término temático o nombre geográfico como elemento de entrada Agricultura
9 (RLIN) 304
650 26 - ASIENTO SECUNDARIO DE MATERIA - TERMINO TEMATICO
Término temático o nombre geográfico como elemento de entrada Derechos del agricultor
9 (RLIN) 5786
650 16 - ASIENTO SECUNDARIO DE MATERIA - TERMINO TEMATICO
Término temático o nombre geográfico como elemento de entrada FAO
9 (RLIN) 9451
942 ## - ELEMENTOS ADICIONALES (KOHA)
Tipo de ítem Libro
Sistema de clasificación Dewey Decimal Classification
Existencias
Withdrawn status Lost status Sistema de Clasificación Damaged status No para préstamo Colección Inventariado Ubicación Permanente Ubicación actual Fecha de adquisición Fuente de Valor Valor Total Checkouts Número topográfico Inventario / Código de Barras Date last seen Ejemplar Price effective from Forma de adquisición Tipo de material Public note
    Dewey Decimal Classification     General Inventariado 2017 Bogotá Bogotá 04/12/2012 Instituto 39000.00   LB-333.9534 O68t 014856 04/12/2012 Ej. 2 04/12/2012   Libro  
    Dewey Decimal Classification     General Inventariado 2017 Bogotá Bogotá 19/04/2005 Instituto 39000.00   LB-333.9534 O68t 017769 04/12/2012 Ej. 1 04/12/2012   Libro Incluye folleto código: CID-042266